Finanční krize: destruktivní kreace není kreativní destrukce

Podstatné príčiny súčasnej finančnej a ekonomickej krízy, ako i historický pohľad v ekonomickej teórii (Samuelson, P. a Nordhaus, D.). Sedem teórií hospodárskych cyklov. Monetárna politika a sekuritizácia. Finančná deregulácia peňazí. Bublina hypotekárnych a spotrebných úverov. Makroekonomické indik...

Descrizione completa

Salvato in:
Dettagli Bibliografici
Autore principale: Klvačová, Eva
Natura: Capitolo di libro
Lingua:ceco
Soggetti:
Tags: Aggiungi Tag
Nessun Tag, puoi essere il primo ad aggiungerne!!

MARC

LEADER 00000naa$a2200000$$$4500
001 0100259
005 20220713132134.0
041 0 |a cze 
044 |a CZ 
245 1 0 |a Finanční krize: destruktivní kreace není kreativní destrukce  |c Eva Klvačová 
520 |a Podstatné príčiny súčasnej finančnej a ekonomickej krízy, ako i historický pohľad v ekonomickej teórii (Samuelson, P. a Nordhaus, D.). Sedem teórií hospodárskych cyklov. Monetárna politika a sekuritizácia. Finančná deregulácia peňazí. Bublina hypotekárnych a spotrebných úverov. Makroekonomické indikátory ekonomiky USA. Európske protikrízové opatrenia. 
610 2 0 |a kríza finančná 
610 2 0 |a Európa 
610 2 0 |a sekuritizácia 
610 2 0 |a politika peňažná 
610 2 0 |a USA 
610 2 0 |a kríza hospodárska 
610 2 0 |a deregulácia 
100 1 |a Klvačová, Eva